| 000 | 00404nam a2200145 i 4500 | ||
|---|---|---|---|
| 001 | bg | ||
| 245 | 0 | 0 |
_aSovremenaja kristallografija. _nT.1, _pSimmetrija kristallov. Metody strukturnoj kristallografii / _cB. K. Vajnstejn. |
| 260 |
_aMoskva : _bNauka, _c1979. |
||
| 650 | 9 | _aKrystalografia | |
| 040 | _cBPK | ||
| 041 | _apol | ||
| 080 | _a548 | ||
| 942 | _cKS | ||
| 008 | s pl f |000 0 pol | ||
| 999 |
_c18421 _d18421 |
||
| 856 |
_uhttp://koha.tu.koszalin.pl/cgi-bin/koha/opac-detail.pl?biblionumber=18421 _yKatalog online BPK |
||